[Event "Titled Tue 20th May Late"]
[Site "chess.com INT"]
[Date "2025.05.20"]
[Round "11"]
[White "Mekhitarian, Krikor Sevag"]
[Black "Klimakovs, Sergejs"]
[Result "1-0"]
[WhiteTitle "GM"]
[BlackTitle "FM"]
[WhiteElo "2564"]
[BlackElo "2337"]
[WhiteFideId "2107660"]
[BlackFideId "11602066"]
[EventDate "2025.05.20"]

1. Nf3 c5 2. c4 Nc6 3. Nc3 g6 4. d4 cxd4 5. Nxd4 Bg7 6. e3 Nf6 7. Be2 O-O 8. Nc2
b6 9. O-O Bb7 10. e4 Rc8 11. f3 d6 12. Be3 Nd7 13. Qd2 Nc5 14. Rad1 a5 15. b3
Nb4 16. Nxb4 axb4 17. Nb5 Na6 18. h4 Ra8 19. h5 Nc5 20. h6 Bf6 21. Rc1 Bc6 22.
Nd4 Bd7 23. Rc2 b5 24. cxb5 Qa5 25. Nc6 Qb6 26. Bxc5 1-0

[Event "Titled Tue 20th May Late"]
[Site "chess.com INT"]
[Date "2025.05.20"]
[Round "11"]
[White "Badacsonyi, Stanley"]
[Black "Azamikia, Mehran"]
[Result "1-0"]
[WhiteTitle "FM"]
[BlackTitle "CM"]
[WhiteElo "2289"]
[BlackElo "2130"]
[WhiteFideId "486973"]
[BlackFideId "12502502"]
[EventDate "2025.05.20"]

1. d4 d5 2. c4 dxc4 3. e3 Nf6 4. Bxc4 e6 5. Nf3 a6 6. O-O c5 7. Nbd2 Nc6 8. dxc5
Bxc5 9. a3 O-O 10. b4 Be7 11. Bb2 b5 12. Be2 Bb7 13. Nb3 Qxd1 14. Rfxd1 Rfd8 15.
Nfd4 Nxd4 16. Bxd4 Bd5 17. Na5 Rac8 18. f3 Nd7 19. Rac1 Rxc1 20. Rxc1 e5 21. Ba7
e4 22. Nc6 Bxc6 23. Rxc6 exf3 24. gxf3 Ne5 25. Rxa6 Rd2 26. Kf1 h5 27. Bd4 Nc4
28. Bxc4 bxc4 29. Rc6 Rxh2 30. Rxc4 Ra2 31. Rc8+ Kh7 32. Rc7 Bf6 33. Bxf6 gxf6
34. Rxf7+ Kg6 35. Ra7 h4 36. Kg1 h3 37. b5 Rb2 38. a4 Kg5 39. Rh7 Rb4 40. Rxh3
Rxa4 41. Rh8 Rb4 42. Rb8 Rb2 43. b6 Kg6 44. Kf1 Kg7 45. e4 Kf7 46. b7 Kg7 47.
Ke1 Rb3 48. Kd2 Rb2+ 49. Kc3 Rb6 50. f4 Rb1 51. e5 fxe5 52. fxe5 Rb5 53. e6 Re5
54. Rc8 1-0

[Event "Titled Tue 20th May Late"]
[Site "chess.com INT"]
[Date "2025.05.20"]
[Round "11"]
[White "Zhou, Abigail"]
[Black "Lugo, Blas"]
[Result "0-1"]
[WhiteTitle "WCM"]
[BlackTitle "IM"]
[WhiteElo "1744"]
[BlackElo "2399"]
[WhiteFideId "39922081"]
[BlackFideId "2011263"]
[EventDate "2025.05.20"]

1. e4 e5 2. Nf3 Nc6 3. Bc4 Bc5 4. c3 Qf6 5. O-O d6 6. h3 Nge7 7. d4 exd4 8. Bg5
Qg6 9. cxd4 Bb6 10. Bb5 O-O 11. d5 f6 12. dxc6 fxg5 13. cxb7 Bxb7 14. Nc3 Kh8
15. Bd3 Qh6 16. Qd2 Rf4 17. Ne2 Rxf3 18. gxf3 Ng6 19. Kh2 Rf8 20. Ng1 Bd4 21.
Be2 Be5+ 22. Kg2 Nf4+ 23. Kh1 Nxh3 24. Kg2 Nf4+ 25. Kg3 Qh4# 0-1

[Event "Titled Tue 20th May Late"]
[Site "chess.com INT"]
[Date "2025.05.20"]
[Round "11"]
[White "Luong Phuong Hanh"]
[Black "Andrade, Ivan"]
[Result "1-0"]
[WhiteTitle "WIM"]
[BlackTitle "FM"]
[WhiteElo "2144"]
[BlackElo "2161"]
[WhiteFideId "12401013"]
[BlackFideId "14800039"]
[EventDate "2025.05.20"]

1. d4 Nf6 2. Nf3 g6 3. g3 Bg7 4. Bg2 O-O 5. O-O d6 6. a4 c6 7. a5 Na6 8. c3 Bg4
9. Nbd2 Qc8 10. Re1 Re8 11. Qb3 h6 12. e4 e5 13. Nc4 Qc7 14. Nxd6 Qxd6 15. dxe5
Rxe5 16. Nxe5 Qxe5 17. Qxb7 Rd8 18. Qxa6 Qh5 19. e5 Nd5 20. Qxc6 Bf3 21. e6 Bxg2
22. exf7+ Kxf7 23. Qe6+ Kf8 24. Kxg2 Bf6 25. c4 1-0

[Event "Titled Tue 20th May Late"]
[Site "chess.com INT"]
[Date "2025.05.20"]
[Round "11"]
[White "Bhatia, Kanishka"]
[Black "Carlsson, Ludvig"]
[Result "0-1"]
[WhiteTitle "WCM"]
[BlackTitle "IM"]
[WhiteElo "1979"]
[BlackElo "2374"]
[WhiteFideId "2410095"]
[BlackFideId "1727010"]
[EventDate "2025.05.20"]

1. d4 Nf6 2. Bf4 Nh5 3. Bd2 Nf6 4. Bf4 e6 5. Nf3 c5 6. e3 cxd4 7. exd4 Be7 8.
Bd3 b6 9. O-O O-O 10. Re1 Ba6 11. c3 Bxd3 12. Qxd3 d6 13. Nbd2 Nbd7 14. Nc4 Qc7
15. Rad1 Rfe8 16. Ne3 Bf8 17. Nd2 Qc6 18. h3 Nd5 19. Nxd5 Qxd5 20. Qe4 Qxe4 21.
Nxe4 d5 22. Nd6 Red8 23. Nb5 a6 24. Na3 Bxa3 25. bxa3 Rdc8 26. Bd2 b5 27. Rb1
Nb6 28. Rb3 Rc6 29. Reb1 Rac8 30. Be1 Rc4 31. Kf1 Na4 32. Rc1 h5 33. Bd2 Kf8 34.
Ke2 Ke7 35. Kd3 Kd7 36. Rb4 Nb6 37. Rcb1 R8c6 38. Rxc4 Rxc4 39. Rb4 Ke7 40. Bc1
f6 41. a4 Nxa4 42. Rxc4 dxc4+ 43. Kd2 Nb6 44. Ba3+ Kf7 45. Bb4 Nd5 46. Bc5 f5
47. g3 g5 48. f3 g4 49. hxg4 fxg4 50. fxg4 hxg4 51. Bd6 Kf6 52. Bb8 Kf5 53. Be5
Ke4 54. Bb8 Kf3 55. a3 Nf6 56. a4 Ne4+ 57. Kc2 Nxg3 58. axb5 axb5 59. Kb2 Ne4
60. Ka3 Nxc3 61. Kb4 Nd5+ 62. Kxb5 c3 63. Kc4 c2 64. Bf4 Kxf4 0-1

[Event "Titled Tue 20th May Late"]
[Site "chess.com INT"]
[Date "2025.05.20"]
[Round "11"]
[White "Mizzi, Jack"]
[Black "Xiong, Jeffery"]
[Result "0-1"]
[WhiteTitle "CM"]
[BlackTitle "GM"]
[WhiteElo "2086"]
[BlackElo "2636"]
[WhiteFideId "5602521"]
[BlackFideId "2047640"]
[EventDate "2025.05.20"]

1. d4 b5 2. e4 a6 3. Nf3 Bb7 4. Nbd2 e6 5. c3 Nf6 6. Bd3 d5 7. exd5 Qxd5 8. O-O
Nbd7 9. Re1 Bd6 10. Ne4 Qh5 11. Nxd6+ cxd6 12. Bf4 Bxf3 13. Qxf3 Qxf3 14. gxf3
Ke7 15. a4 Nd5 16. Bg5+ f6 17. Bd2 Nc7 18. axb5 axb5 19. Rxa8 Rxa8 20. h4 g6 21.
Kh2 Nb6 22. h5 Nc4 23. Bc1 Ra1 24. hxg6 hxg6 25. Bxg6 Nxb2 26. Rg1 Na4 27. Bh5
Nd5 28. Rg7+ Kd8 29. Bh6 Naxc3 30. Bf7 Re1 31. Rg8+ Kc7 32. Re8 Kd7 33. Rb8 b4
34. Bg6 Kc7 35. Re8 b3 36. Bd2 Re2 37. Bxc3 Nxc3 38. Kg2 b2 39. Bd3 Rd2 40. Bb1
Nxb1 41. Rxe6 Nc3 0-1

[Event "Titled Tue 20th May Late"]
[Site "chess.com INT"]
[Date "2025.05.20"]
[Round "11"]
[White "Bahmani, Koorosh"]
[Black "Khanbutaev, Artemii"]
[Result "1-0"]
[WhiteTitle "CM"]
[WhiteElo "2208"]
[BlackElo "2059"]
[WhiteFideId "42576750"]
[BlackFideId "55747175"]
[EventDate "2025.05.20"]

1. Nf3 Nf6 2. g3 d5 3. c4 d4 4. Bg2 c5 5. O-O Nc6 6. e3 e5 7. exd4 exd4 8. d3
Be7 9. Bf4 O-O 10. Nbd2 Bf5 11. Nb3 b6 12. Nh4 Bd7 13. Re1 Rc8 14. Nd2 Re8 15.
Nhf3 Bf5 16. Bf1 Nh5 17. Ne4 Nxf4 18. gxf4 Qc7 19. Qd2 Bf8 20. Ng3 Bg4 21. Bg2
f6 22. f5 Ne7 23. Nh4 Qd7 24. Be4 Bh3 25. Qf4 Nc6 26. Bd5+ Kh8 27. Ng6+ hxg6 28.
Qh4# 1-0

[Event "Titled Tue 20th May Late"]
[Site "chess.com INT"]
[Date "2025.05.20"]
[Round "11"]
[White "Gurevich, Dmitry"]
[Black "Gimeno Martos, Roberto"]
[Result "1-0"]
[WhiteTitle "GM"]
[BlackTitle "CM"]
[WhiteElo "2347"]
[BlackElo "2090"]
[WhiteFideId "2000407"]
[BlackFideId "2226804"]
[EventDate "2025.05.20"]

1. d4 d5 2. c4 c6 3. cxd5 cxd5 4. Bg5 Nc6 5. e3 Nf6 6. Bxf6 exf6 7. Nc3 Bb4 8.
Qd2 O-O 9. Nge2 a6 10. a3 Ba5 11. g3 Be6 12. Bg2 Rc8 13. O-O Bc7 14. Rac1 Na5
15. Qd3 Qd7 16. b4 Nc4 17. Nxd5 Bxd5 18. Bxd5 Nb2 19. Qb3 Qb5 20. Bxf7+ Rxf7 21.
Qxb2 Re8 22. Rc5 Qd3 23. Rfc1 Bb6 24. Rc8 Bd8 25. Qc2 Qb5 26. Qc4 Qd7 27. Nf4 g6
28. Qd5 Qe7 29. Qe6 Qxe6 30. Nxe6 Rxe6 31. Rxd8+ Kg7 32. Rdc8 Ree7 33. h4 h6 34.
Kg2 h5 35. a4 f5 36. Kf3 Rd7 37. b5 axb5 38. axb5 Rfe7 39. R1c5 Kf6 40. Rf8+ Kg7
41. Rcc8 b6 42. Rb8 Rd6 43. Rfc8 Ree6 44. Rb7+ Kf6 45. Rf8# 1-0

[Event "Titled Tue 20th May Late"]
[Site "chess.com INT"]
[Date "2025.05.20"]
[Round "11"]
[White "Petriashvili, Nikoloz"]
[Black "Manvelyan, Mikayel"]
[Result "1-0"]
[WhiteTitle "IM"]
[BlackTitle "FM"]
[WhiteElo "2468"]
[BlackElo "2362"]
[WhiteFideId "13611216"]
[BlackFideId "13310143"]
[EventDate "2025.05.20"]

1. b3 e5 2. Bb2 Nc6 3. e3 Nge7 4. Nf3 d6 5. d4 exd4 6. Nxd4 Nxd4 7. Qxd4 Nc6 8.
Qd2 Bf5 9. Bb5 Qg5 10. Qd5 O-O-O 11. Bxc6 bxc6 12. Qxc6 Qg6 13. Nd2 d5 14. Qxg6
hxg6 15. O-O-O f6 16. h3 c5 17. Nf3 g5 18. Rd2 Be7 19. Rhd1 Be6 20. Ba3 Kc7 21.
Ne1 Kc6 22. Nd3 a5 23. Nb2 g4 24. hxg4 Bxg4 25. f3 Be6 26. c4 dxc4 27. Rxd8 Rxd8
28. Rxd8 Bxd8 29. Nxc4 a4 30. Kc2 axb3+ 31. axb3 g5 32. Bb2 g4 33. Kd3 gxf3 34.
gxf3 f5 35. Bc3 Bd5 36. e4 fxe4+ 37. fxe4 Be6 38. Ne5+ Kb5 39. Nc4 Kc6 40. Bd2
Bf6 41. Be3 Kb5 42. Bd2 Bd4 43. Be1 Kc6 44. Bc3 Bxc3 45. Kxc3 Kb5 46. Nd6+ Kc6
47. Nf5 Kb5 48. Ne3 Kc6 49. Nc4 Kb5 50. Ne5 Kb6 51. Ng6 1-0

[Event "Titled Tue 20th May Late"]
[Site "chess.com INT"]
[Date "2025.05.20"]
[Round "11"]
[White "Bortnyk, Olexandr"]
[Black "Drozdowski, Kacper"]
[Result "0-1"]
[WhiteTitle "GM"]
[BlackTitle "IM"]
[WhiteElo "2601"]
[BlackElo "2450"]
[WhiteFideId "14120828"]
[BlackFideId "1136720"]
[EventDate "2025.05.20"]

1. e4 c5 2. Be2 Nc6 3. f4 d5 4. d3 dxe4 5. dxe4 Qxd1+ 6. Bxd1 b6 7. c3 Bb7 8.
Nf3 Nf6 9. e5 Nd5 10. Bc2 e6 11. Kf2 c4 12. Re1 Bc5+ 13. Kg3 Nce7 14. b4 cxb3
15. axb3 Nf5+ 16. Bxf5 exf5 17. b4 Be7 18. Bd2 O-O 19. Na3 Rfc8 20. Nb5 a6 21.
Nd6 Bxd6 22. exd6 Nf6 23. Ne5 Ne4+ 24. Rxe4 Bxe4 25. d7 Rd8 26. Be3 f6 27. Nc4
Rxd7 28. Nxb6 Rd3 29. Nxa8 Rxe3+ 30. Kf2 Rxc3 31. Rxa6 Rc2+ 32. Ke3 Rxg2 33. Nc7
Rxh2 34. Rd6 h5 35. Rd8+ Kh7 36. Ne6 h4 37. Nf8+ Kh6 38. Ne6 g5 39. Rh8+ Kg6 40.
b5 Rb2 0-1

[Event "Titled Tue 20th May Late"]
[Site "chess.com INT"]
[Date "2025.05.20"]
[Round "11"]
[White "Smirnova, Ekaterina"]
[Black "Hungaski, Robert"]
[Result "0-1"]
[WhiteTitle "WIM"]
[BlackTitle "GM"]
[WhiteElo "2096"]
[BlackElo "2477"]
[WhiteFideId "4110943"]
[BlackFideId "2021030"]
[EventDate "2025.05.20"]

1. d4 e6 2. e4 d5 3. Nc3 Bb4 4. e5 c5 5. a3 Bxc3+ 6. bxc3 Nc6 7. Qg4 g6 8. Nf3
Qa5 9. Bd2 c4 10. h4 h6 11. h5 g5 12. Be2 Bd7 13. O-O f5 14. exf6 Nxf6 15. Qg3
Ne4 16. Qh2 Nxd2 17. Nxd2 Qxc3 18. Nf3 O-O-O 19. Qd6 g4 20. Ne5 Qxd4 21. Nxc6
Bxc6 22. Qxe6+ Kb8 23. Qxg4 Qxg4 24. Bxg4 d4 25. Rad1 Rhe8 26. Rfe1 Ba4 27. Bf5
Rxe1+ 28. Rxe1 d3 29. Rc1 Bxc2 30. Bg4 Bb3 31. Bd1 d2 32. Rb1 Bxd1 33. Rxd1 c3 0-1

[Event "Titled Tue 20th May Late"]
[Site "chess.com INT"]
[Date "2025.05.20"]
[Round "11"]
[White "Abraham, John Z"]
[Black "Varriale, Luca"]
[Result "0-1"]
[WhiteElo "2100"]
[BlackElo "2172"]
[WhiteFideId "30987318"]
[BlackFideId "882461"]
[EventDate "2025.05.20"]

1. d4 Nf6 2. c4 c5 3. d5 e5 4. Nc3 d6 5. e4 Be7 6. Nf3 Nbd7 7. Be2 O-O 8. h3 Ne8
9. Qc2 a6 10. a4 b6 11. g4 g6 12. Bh6 Ng7 13. Rg1 Nf6 14. Nh2 Kh8 15. Qd2 Bd7
16. f4 exf4 17. Qxf4 Ng8 18. Bxg7+ Kxg7 19. g5 f6 20. gxf6+ Bxf6 21. Qxd6 Bh4+
22. Kd2 Bg5+ 23. Kc2 Bf4 24. e5 Bf5+ 25. Kb3 Qxd6 26. exd6 Bxh2 27. Rg2 Bxd6 28.
h4 Nf6 29. h5 Ne4 30. hxg6 hxg6 31. Nxe4 Bxe4 32. Rg4 Bf5 33. Rgg1 Rae8 34. Rae1
Re3+ 35. Ka2 Rfe8 0-1

[Event "Titled Tue 20th May Late"]
[Site "chess.com INT"]
[Date "2025.05.20"]
[Round "11"]
[White "Matlak, Oleksandr"]
[Black "Khodabandeh, Milad"]
[Result "1-0"]
[BlackTitle "CM"]
[WhiteElo "2235"]
[BlackElo "1957"]
[WhiteFideId "148061879"]
[BlackFideId "12538620"]
[EventDate "2025.05.20"]

1. c4 e5 2. Nc3 Nf6 3. Nf3 Nc6 4. g3 d5 5. cxd5 Nxd5 6. Bg2 Be6 7. O-O Be7 8. d4
exd4 9. Nxd4 Nxd4 10. Qxd4 Bf6 11. Qa4+ c6 12. Rd1 O-O 13. Nxd5 cxd5 14. Be3 a6
15. Rd2 b5 16. Qf4 Qb8 17. Rad1 Qxf4 18. Bxf4 Rad8 19. b3 d4 20. Be4 g5 21. Bc7
Rd7 22. Bb6 Rc8 23. Bxd4 Bxd4 24. Rxd4 Rxd4 25. Rxd4 Bh3 26. f4 gxf4 27. gxf4
Rc1+ 28. Kf2 f5 29. Bd3 Ra1 30. a4 bxa4 31. bxa4 a5 32. Kg3 Bg4 33. h3 Bh5 34.
Bxf5 Bxe2 35. Bd7 Ra3+ 36. Kh4 Bf1 37. Kg5 1-0

[Event "Titled Tue 20th May Late"]
[Site "chess.com INT"]
[Date "2025.05.20"]
[Round "11"]
[White "Fernandes, Rogerio Paulo Muller"]
[Black "Bustelo, Tabare"]
[Result "0-1"]
[BlackTitle "CM"]
[WhiteElo "2241"]
[BlackElo "2043"]
[WhiteFideId "2101599"]
[BlackFideId "3000362"]
[EventDate "2025.05.20"]

1. c4 e5 2. g3 f5 3. Bg2 Nf6 4. Nc3 Nc6 5. Nf3 Bb4 6. Nd5 e4 7. Nh4 Nxd5 8. cxd5
Ne7 9. Qb3 a5 10. a3 Bd6 11. Bh3 O-O 12. O-O b5 13. d3 a4 14. Qa2 b4 15. axb4
exd3 16. exd3 Ba6 17. Rd1 Kh8 18. Bg5 Bxb4 19. Qxa4 Bc5 20. d4 Bd6 21. Bxe7 Bxe7
22. Nxf5 Bf6 23. d6 Bb7 24. Qb4 Bf3 25. Re1 cxd6 26. Nxd6 Rb8 27. Qc3 Be7 0-1

[Event "Titled Tue 20th May Late"]
[Site "chess.com INT"]
[Date "2025.05.20"]
[Round "11"]
[White "Burmakin, Vladimir"]
[Black "Goryachkina, Aleksandra"]
[Result "0-1"]
[WhiteTitle "GM"]
[BlackTitle "GM"]
[WhiteElo "2435"]
[BlackElo "2544"]
[WhiteFideId "4105109"]
[BlackFideId "4147103"]
[EventDate "2025.05.20"]

1. c4 e6 2. g3 d5 3. Bg2 d4 4. Nf3 Nc6 5. e4 Bc5 6. d3 e5 7. O-O Nge7 8. a3 a5
9. Nbd2 Ra6 10. Ne1 h5 11. f4 h4 12. f5 hxg3 13. hxg3 a4 14. Ndf3 Qd6 15. g4 Bd7
16. Nh2 Na5 17. Bg5 f6 18. Bd2 Nb3 19. Rb1 g5 20. Nhf3 Kd8 21. Nc2 Nxd2 22. Qxd2
Nc6 23. Kf2 Kc8 24. Rh1 Rxh1 25. Rxh1 Kb8 26. Rh6 Qe7 27. Rh8+ Ka7 28. Nce1 Na5
29. Qc2 Nb3 30. Nd2 Rb6 31. Nxb3 Rxb3 32. Nf3 Bxa3 33. bxa3 Qxa3 34. Nd2 Rb2 35.
Qc1 Qc3 0-1

[Event "Titled Tue 20th May Late"]
[Site "chess.com INT"]
[Date "2025.05.20"]
[Round "11"]
[White "Alazmi, Amani"]
[Black "Swara Lakshmi S Nair"]
[Result "0-1"]
[WhiteTitle "WCM"]
[BlackTitle "WCM"]
[WhiteElo "1725"]
[BlackElo "2178"]
[WhiteFideId "10303553"]
[BlackFideId "25629239"]
[EventDate "2025.05.20"]

1. e4 c5 2. Nf3 d6 3. d4 cxd4 4. Nxd4 Nf6 5. Nc3 Nc6 6. Nxc6 bxc6 7. Bc4 e6 8.
O-O d5 9. exd5 cxd5 10. Bb5+ Bd7 11. Bg5 Be7 12. Re1 O-O 13. Bd3 h6 14. Bxf6
Bxf6 15. Qf3 Rb8 16. Rad1 Rxb2 17. Nxd5 exd5 18. Qxd5 Be6 19. Qf3 Qc7 20. Rxe6
fxe6 21. Qe4 Qe5 22. Qh7+ Kf7 23. Bg6+ Ke7 24. Bd3 Rd8 25. g3 Rxc2 26. Rb1 Rc7
27. Qg6 Qg5 28. Qe4 Qd5 29. Qb4+ Qd6 30. Qa5 Bc3 31. Qh5 Qxd3 32. Rf1 Bf6 33.
Qg4 Rcd7 34. Qb4+ Qd6 35. Qg4 Qb6 36. a4 Rd4 37. Qg6 Rd1 0-1

[Event "Titled Tue 20th May Late"]
[Site "chess.com INT"]
[Date "2025.05.20"]
[Round "11"]
[White "Caruana, Fabiano"]
[Black "Demchenko, Anton"]
[Result "1-0"]
[WhiteTitle "GM"]
[BlackTitle "GM"]
[WhiteElo "2776"]
[BlackElo "2619"]
[WhiteFideId "2020009"]
[BlackFideId "4160258"]
[EventDate "2025.05.20"]

1. Nf3 Nf6 2. c4 d6 3. Nc3 Nc6 4. d4 e5 5. d5 Ne7 6. e4 Ng6 7. h4 Be7 8. h5 Nf8
9. h6 g6 10. c5 N8d7 11. cxd6 Bxd6 12. Bg5 O-O 13. Be2 a6 14. O-O b5 15. Rc1 Bb7
16. a4 b4 17. Nb1 Be7 18. Bxf6 Nxf6 19. Nbd2 Bd6 20. Ne1 Kh8 21. Nd3 Ng8 22. Nc4
Qe7 23. Qd2 a5 24. b3 Ba6 25. g3 Bxc4 26. Rxc4 f6 27. Kg2 Rae8 28. Qe3 f5 29.
exf5 gxf5 30. Bh5 Rd8 31. Re1 e4 32. Nf4 Bxf4 33. Qxf4 Rxd5 34. Rxc7 Qf6 35. Be2
Qxh6 36. Rh1 Qg6 37. Qg5 1-0

[Event "Titled Tue 20th May Late"]
[Site "chess.com INT"]
[Date "2025.05.20"]
[Round "11"]
[White "Tayar, Jonathan"]
[Black "Noy, Eyal"]
[Result "0-1"]
[WhiteTitle "IM"]
[BlackTitle "FM"]
[WhiteElo "2325"]
[BlackElo "2346"]
[WhiteFideId "2606534"]
[BlackFideId "2821117"]
[EventDate "2025.05.20"]

1. e4 c5 2. Nc3 Nc6 3. Bb5 Nd4 4. Bc4 a6 5. Nf3 b5 6. Bd5 Rb8 7. Nxd4 cxd4 8.
Ne2 Nf6 9. Bb3 Nxe4 10. Nxd4 Qb6 11. c3 e6 12. Qe2 Bb7 13. O-O Bd6 14. Nf3 O-O
15. d4 Qc7 16. Bc2 f5 17. a3 h6 18. h3 g5 19. Nd2 Nxd2 20. Bxd2 Bd5 21. h4 Bh2+
22. Kh1 Bf4 23. hxg5 hxg5 24. Bxf4 Qxf4 25. Qe5 Kf7 26. Kg1 Rh8 27. f3 Rh6 28.
Qxf4 gxf4 29. Kf2 Rbh8 30. Rg1 Rh2 31. Bd3 Rg8 32. Be2 Rg3 33. a4 Bc6 34. axb5
axb5 35. Ra5 Ke7 36. Raa1 d6 37. Ra6 Kd7 38. b3 e5 39. dxe5 dxe5 40. Ra7+ Kc8
41. Rf7 e4 42. Rxf5 exf3 43. Bd3 Rgxg2+ 44. Rxg2 fxg2 45. Rc5 Kd7 46. Bxb5 Bxb5
47. Rxb5 f3 48. Rg5 Rh1 0-1

[Event "Titled Tue 20th May Late"]
[Site "chess.com INT"]
[Date "2025.05.20"]
[Round "11"]
[White "Ollier, Pablo"]
[Black "Ermolaev, Evgeny"]
[Result "1-0"]
[WhiteTitle "FM"]
[BlackTitle "FM"]
[WhiteElo "2284"]
[BlackElo "2282"]
[WhiteFideId "652318"]
[BlackFideId "24103195"]
[EventDate "2025.05.20"]

1. d4 Nf6 2. c4 g6 3. Nc3 Bg7 4. e4 d6 5. Nf3 O-O 6. Be2 e5 7. dxe5 dxe5 8. Qxd8
Rxd8 9. Nd5 Nxd5 10. cxd5 c6 11. Bc4 b5 12. Bb3 Bb7 13. Bg5 Rc8 14. Rd1 Nd7 15.
Be3 c5 16. h4 c4 17. Bc2 f6 18. h5 Bf8 19. hxg6 hxg6 20. Nh2 Bc5 21. Ng4 Bxe3
22. Nxe3 Kg7 23. Ke2 Rh8 24. g4 Raf8 25. f3 Kf7 26. a4 a6 27. Ra1 Rxh1 28. Rxh1
Kg7 29. Kf2 Rh8 30. Ra1 Ra8 31. axb5 axb5 32. Rxa8 Bxa8 33. Ke2 Kf7 34. Kd2 Ke7
35. Kc3 Bb7 36. Kb4 Ba6 37. Ka5 Nb8 38. Kb6 Kd8 39. d6 b4 40. Nd5 b3 41. Bd1 Bc8
42. Be2 Be6 43. Bxc4 Bxd5 44. Bxd5 Nd7+ 45. Kb5 Nf8 46. Kc6 Nh7 47. Bxb3 Ng5 48.
Bd1 Ne6 49. b4 Nd4+ 50. Kc5 Kd7 51. b5 f5 52. b6 1-0

[Event "Titled Tue 20th May Late"]
[Site "chess.com INT"]
[Date "2025.05.20"]
[Round "11"]
[White "Danzer, George"]
[Black "Anhwere, Bernard"]
[Result "1-0"]
[WhiteTitle "CM"]
[BlackTitle "CM"]
[WhiteElo "2172"]
[BlackElo "1906"]
[WhiteFideId "4659465"]
[BlackFideId "12600580"]
[EventDate "2025.05.20"]

1. e4 c5 2. Nf3 d6 3. d4 cxd4 4. Nxd4 Nf6 5. Nc3 a6 6. Bg5 e6 7. f4 Be7 8. Qf3
O-O 9. O-O-O h6 10. Bh4 Qc7 11. g4 Nxe4 12. Bxe7 Nxc3 13. Qxc3 Qxe7 14. Bg2 Nd7
15. h4 d5 16. g5 h5 17. f5 g6 18. Rhe1 Nc5 19. fxg6 fxg6 20. Bxd5 Bd7 21. b4 Na4
22. Qb3 Kh7 23. Bxe6 Bb5 24. Bg8+ Rxg8 25. Rxe7+ Rg7 26. Rxg7+ Kxg7 27. Nxb5
axb5 28. Rd7+ Kf8 29. Qf7# 1-0

[Event "Titled Tue 20th May Late"]
[Site "chess.com INT"]
[Date "2025.05.20"]
[Round "11"]
[White "Alvarado, Carlos"]
[Black "Barrientos, Ernesto"]
[Result "1-0"]
[WhiteTitle "CM"]
[BlackTitle "CM"]
[WhiteElo "2032"]
[BlackElo "2027"]
[WhiteFideId "3800555"]
[BlackFideId "3701247"]
[EventDate "2025.05.20"]

1. Nf3 c5 2. e3 Nc6 3. b3 Nf6 4. Bb2 e6 5. Bb5 Be7 6. Bxc6 dxc6 7. O-O O-O 8. d3
Nd5 9. e4 Nc7 10. Nbd2 f6 11. e5 f5 12. Nc4 b5 13. Nd6 Bxd6 14. exd6 Qxd6 15.
Qe2 Nd5 16. g3 Bd7 17. Rfe1 a5 18. a4 Nb4 19. Ne5 Be8 20. Rad1 Qd5 21. c4 Qd6
22. d4 bxa4 23. dxc5 Qxc5 24. bxa4 Rb8 25. Bd4 Qe7 26. h4 c5 27. Bc3 Bxa4 28.
Ra1 Bb3 29. Rxa5 f4 30. Qg4 fxg3 31. fxg3 Nc2 32. Nc6 Qf7 33. Ra7 Qf2+ 34. Kh1 1-0

[Event "Titled Tue 20th May Late"]
[Site "chess.com INT"]
[Date "2025.05.20"]
[Round "11"]
[White "Khalafvand, Dorsa Sadat"]
[Black "Sanhueza, Cristian"]
[Result "0-1"]
[WhiteTitle "WCM"]
[BlackTitle "FM"]
[WhiteElo "1985"]
[BlackElo "2182"]
[WhiteFideId "36767522"]
[BlackFideId "116815"]
[EventDate "2025.05.20"]

1. d4 Nf6 2. c4 e6 3. Nc3 d5 4. Qb3 Be7 5. cxd5 exd5 6. Bg5 c6 7. Qc2 g6 8. e3
Bf5 9. Qd1 O-O 10. Nf3 Re8 11. Nh4 Bc8 12. Bd3 Ne4 13. Bxe7 Qxe7 14. Nf3 Nd6 15.
O-O Bf5 16. Bxf5 Nxf5 17. Rb1 Nd7 18. Qc2 Nd6 19. b4 a6 20. a4 Nb6 21. b5 cxb5
22. axb5 a5 23. Nd2 Rac8 24. Qb3 Ndc4 25. Nxd5 Qd6 26. Nxc4 Nxc4 27. e4 Rxe4 28.
Nc3 Rxd4 29. Rbd1 Nd2 30. Rxd2 Rxd2 31. Ne4 Qd3 32. Nxd2 Qxd2 33. Qf3 Rc1 34.
Qb3 Qe1 35. Qd3 Qxf1+ 36. Qxf1 Rxf1+ 37. Kxf1 Kf8 38. Ke2 Ke7 39. Kd3 Kd6 40.
Kc4 b6 41. Kb3 Kc5 42. Ka4 Kc4 43. f3 f6 44. g3 f5 45. f4 h6 46. h3 g5 47. fxg5
hxg5 48. h4 gxh4 49. gxh4 f4 50. h5 f3 51. h6 f2 52. h7 f1=Q 53. h8=Q Qd1+ 54.
Ka3 Qb3# 0-1

[Event "Titled Tue 20th May Late"]
[Site "chess.com INT"]
[Date "2025.05.20"]
[Round "11"]
[White "Jedryczka, Krystian"]
[Black "May Sanchez, Andres Elias"]
[Result "1-0"]
[WhiteElo "2084"]
[BlackElo "2209"]
[WhiteFideId "1109472"]
[BlackFideId "5150973"]
[EventDate "2025.05.20"]

1. e4 c5 2. Nf3 g6 3. Bc4 Bg7 4. d3 e6 5. Nc3 Ne7 6. Bg5 O-O 7. Qd2 a6 8. a4
Nbc6 9. O-O b6 10. Rfe1 Bb7 11. e5 d5 12. exd6 Qxd6 13. Ne4 Qc7 14. Bf6 Nf5 15.
Bxg7 Kxg7 16. c3 Rad8 17. Qg5 Qe7 18. Qg4 Na5 19. Nfg5 h6 20. Nh3 Qh4 21. Qe2
Nd6 22. Nxd6 Nxc4 23. Nxc4 Rd5 24. f4 Rfd8 25. Ne5 f6 26. Nf3 Qh5 27. Qxe6 R8d7
28. f5 gxf5 29. Nf4 Qg4 30. Nxd5 Rxd5 31. Qe7+ Kg6 32. Qe8+ Kg7 33. Re7# 1-0

[Event "Titled Tue 20th May Late"]
[Site "chess.com INT"]
[Date "2025.05.20"]
[Round "11"]
[White "Amburgy, Ryan"]
[Black "Naranjo Moreno, Antonio"]
[Result "1-0"]
[WhiteTitle "FM"]
[BlackTitle "FM"]
[WhiteElo "2309"]
[BlackElo "2289"]
[WhiteFideId "30924820"]
[BlackFideId "2278626"]
[EventDate "2025.05.20"]

1. d4 Nf6 2. c4 g6 3. Nc3 Bg7 4. e4 d6 5. Nf3 O-O 6. Be2 e5 7. Be3 Ng4 8. Bg5 f6
9. Bh4 g5 10. Bg3 Nc6 11. d5 Ne7 12. Nxg5 Nxf2 13. Bxf2 fxg5 14. O-O Ng6 15. Qd2
Nf4 16. Be3 a6 17. g3 Nxe2+ 18. Qxe2 Bh3 19. Rxf8+ Bxf8 20. Qh5 g4 21. Nd1 Qf6
22. Qg5+ Qxg5 23. Bxg5 b5 24. cxb5 axb5 25. Nf2 Ra4 26. a3 b4 27. Bd2 bxa3 28.
bxa3 Rd4 29. Be3 Ra4 30. Bd2 Rd4 31. Bc3 Rc4 32. Nxh3 gxh3 33. Bd2 Rc2 34. Be3
Re2 35. Bf2 Rxe4 36. a4 Rb4 37. a5 Rb8 38. a6 Ra8 39. a7 c6 40. dxc6 d5 41. c7
d4 42. Rb1 Bd6 43. Rb8+ 1-0